000 00301nam a2200121Ia 4500
008 191206s9999 xx 000 0 und d
020 _a771091702
090 _aPS8523A86T6
245 4 _aThe Tomorrow-Tamer: And other stories
260 _aMacmillan
260 _cc1963
300 _a"vii, 243 p. 21 cm."
999 _c17149
_d17149